LEADER 01106nam0-22003491i-450 001 990005681740403321 005 20170713114433.0 010 $a3-557-94180-9 035 $a000568174 035 $aFED01000568174 035 $a(Aleph)000568174FED01 035 $a000568174 100 $a19990530d1978----km-y0itay50------ba 101 0 $ager 102 $aDE 105 $ay-------001yy 200 1 $aChristliche theologie des Judentums$fvon Clemens Thoma$gmit einer Einführung von David Flusser 210 $aAschaffenburg$cPaul Pattloch$d1978 215 $a300 p.$d19 cm 225 1 $a<>Christ in der Welt$eEine Enzyklopädie$hVI Reihe$iDas Buch der Bucher$v4 a/b 610 0 $aCristianesimo e giudaismo 610 0 $aGiudaismo$aRapporti [con il] Cristianesimo 676 $a296.396$v22$zita 700 1$aThoma,$bClemens$0214390 702 1$aFlusser,$bDavid 801 0$aIT$bUNINA$gRICA$2UNIMARC 901 $aBK 912 $a990005681740403321 952 $a296.3 THO 1$bBIBL. 57986$fFLFBC 959 $aFLFBC 996 $aChristliche theologie des Judentums$9602395 997 $aUNINA LEADER 03429nam 2200649 450 001 9910788785503321 005 20220902023341.0 010 $a0-8218-7659-7 010 $a0-8218-5077-6 035 $a(CKB)3240000000069597 035 $a(EBL)3113094 035 $a(SSID)ssj0000712535 035 $a(PQKBManifestationID)11445754 035 $a(PQKBTitleCode)TC0000712535 035 $a(PQKBWorkID)10649130 035 $a(PQKB)11672289 035 $a(MiAaPQ)EBC3113094 035 $a(WaSeSS)Ind00039487 035 $a(RPAM)4314877 035 $a(PPN)19710391X 035 $a(EXLCZ)993240000000069597 100 $a19871229h19881988 uy| 0 101 0 $aeng 135 $aur|n|---||||| 181 $ctxt 182 $cc 183 $acr 200 00$aIndex theory of elliptic operators, foliations, and operator algebras $eproceedings of AMS Special Sessions, held January 7, 1986 and April 11, 1986 /$fJerome Kaminker, Kenneth C. Millett, and Claude Schochet, editors 210 1$aProvidence, Rhode Island :$cAmerican Mathematical Society,$d[1988] 210 4$d©1988 215 $a1 online resource (333 p.) 225 1 $aContemporary mathematics,$x0271-4132 ;$v70$x0271-4132 300 $aEnglish and French. 311 08$aPrint version: Index theory of elliptic operators, foliations, and operator algebras : proceedings of AMS Special Sessions, held January 7, 1986 and April 11, 1986. Providence, Rhode Island : American Mathematical Society, [1988] x, 322 pages ; 26 cm. Contemporary mathematics ; volume 70 9780821850770 320 $aIncludes bibliographical references. 327 $aTable of Contents -- Preface -- The theory of levels -- Toeplitz operators and the eta invariant: the case of S1 -- Sur la Conjecture de Novikov -- A new proof of the K-amenability of SU(1, 1) -- Some interesting group actions -- A relation between index and exotic classes -- The Universal Coefficient Theorem for equivariant K-theory of real and complex C*-algebras -- Equivariant K-theory for proper actions and C*-algebras -- Equivariant K-theory for proper actions II: some cases in which finite dimensional bundles suffice -- Operator algebras and index theory on non-compact manifolds -- K-theory of group C*-algebras, foliation algebras and crossed products -- Preface -- 1. Group C *-algebras and crossed products -- 2. Foliation C *-algebras -- 3. K-theory of C *-algebras -- 4. The Kasparov KK-functor -- 5. Batt periodicity revisited -- 6. The big picture -- Selected references -- Non-commutative CW-complexes. 410 0$aContemporary mathematics (American Mathematical Society).$v70$x0271-4132 606 $aIndex theory (Mathematics)$vCongresses 606 $aElliptic operators$vCongresses 606 $aFoliations (Mathematics)$vCongresses 606 $aOperator algebras$vCongresses 615 0$aIndex theory (Mathematics) 615 0$aElliptic operators 615 0$aFoliations (Mathematics) 615 0$aOperator algebras 676 $a515.7/242 702 $aKaminker$b Jerome 702 $aMillett$b Kenneth C. 702 $aSchochet$b Claude$f1944- 712 02$aAmerican Mathematical Society, 801 0$bMiAaPQ 801 1$bMiAaPQ 801 2$bMiAaPQ 906 $aBOOK 912 $a9910788785503321 996 $aIndex theory of elliptic operators, foliations, and operator algebras$93699414 997 $aUNINA